[Event "Cappelle op"]
[Site "Cappelle la Grande"]
[Date "1995.??.??"]
[Round "6"]
[White "Landa, Konstantin"]
[Black "Ivliev, Oleg"]
[Result "1-0"]
[WhiteElo "2500"]
[BlackElo "2280"]

1.e4 c5 2.Nf3 Nc6 3.Nc3 e5 4.Bc4 Be7 5.d3 d6 6.O-O Nf6 7.Ng5 O-O 8.f4 h6
9.Nf3 exf4 10.Bxf4 Bg4 11.Qd2 Kh7 12.Rae1 Nh5 13.Be3 Be6 14.Bb3 Ne5 15.Nxe5 dxe5
16.Rf3 Bg5 17.Bxg5 Qxg5 18.Qxg5 hxg5 19.Bxe6 fxe6 20.Rxf8 Rxf8 21.a4 Nf6
22.Nb5 Ne8 23.Nxa7 Nc7 24.Nb5 Nxb5 25.axb5 Ra8 26.Kf2 Ra4 27.c3 Ra5 28.c4 Kg6
29.Ke3 Ra2 30.Re2 Ra4 31.Kd2 Kf6 32.Re3 Ra1 33.Rh3 Rb1 34.Kc2 Rh1 35.g3 Rf1
36.Rh8 Kg6 37.Rg8 Rf7 38.g4 Rc7 39.Kc3 Kf6 40.b4 cxb4+ 41.Kxb4 Rd7 42.c5 Rxd3
43.c6 Rd4+ 44.Kb3 bxc6 45.bxc6 Rd3+ 46.Kc4 Rd4+ 47.Kb5  1-0

[Event "Cappelle op"]
[Site "Cappelle la Grande"]
[Date "1995.??.??"]
[Round "6"]
[White "Reinderman, Dimitri"]
[Black "Miladinovic, Igor"]
[Result "1/2-1/2"]
[WhiteElo "2440"]
[BlackElo "2535"]

1.e4 c5 2.Nc3 Nc6 3.Nge2 g6 4.d4 cxd4 5.Nxd4 Bg7 6.Nde2 Nf6 7.g3 h5 8.h3 d6
9.Bg2 Be6 10.O-O Qd7 11.Nf4 Bc4 12.Re1 Rc8 13.Nfd5 e6 14.Ne3 Ba6 15.a4 O-O
16.Nb5 Rfd8 17.c4 b6 18.Bd2 d5 19.cxd5 exd5 20.Nxd5 Nxd5 21.exd5 Bxb5 22.axb5 Nd4
23.Bg5 Re8 24.Rxe8+ Rxe8 25.Qd3 Nxb5 26.Be3 Nd6 27.Qc2  1/2-1/2

[Event "Cappelle op"]
[Site "Cappelle la Grande"]
[Date "1995.??.??"]
[Round "8"]
[White "Istratescu, Andrei"]
[Black "Abolianin, Arthur"]
[Result "1-0"]
[WhiteElo "2505"]
[BlackElo "2275"]

1.e4 c5 2.Nf3 Nc6 3.Nc3 g6 4.d4 cxd4 5.Nxd4 Bg7 6.Be3 Nf6 7.Bc4 O-O 8.Bb3 a5
9.a4 Ng4 10.Qxg4 Nxd4 11.Bxd4 Bxd4 12.Qg3 e6 13.O-O Qf6 14.Rae1 Bxc3 15.bxc3 Ra6
16.e5 Qg7 17.h4 Rc6 18.Re3 f5 19.f4 b6 20.h5 Ba6 21.Rff3 Rfc8 22.hxg6 hxg6
23.Qh2 Rc4 24.Rh3 b5 25.Bxc4 Rxc4 26.Rh6 bxa4 27.Reh3  1-0

[Event "Ceske Budejovice op"]
[Site "Ceske Budejovice"]
[Date "1995.??.??"]
[Round "1"]
[White "Priehoda, Vitezslav"]
[Black "Stehlik, Jiri"]
[Result "1-0"]
[WhiteElo "2365"]
[BlackElo "2130"]

1.e4 c5 2.Nf3 Nc6 3.Nc3 e5 4.Bc4 Be7 5.d3 d6 6.O-O Nf6 7.Ng5 O-O 8.f4 h6
9.Nf3 exf4 10.Bxf4 Bg4 11.Qd2 Nh7 12.Nd5 Bf6 13.Nxf6+ Qxf6 14.c3 Ne5 15.Nxe5 dxe5
16.Be3 Qd6 17.Qf2 Rac8 18.Bxf7+ Kh8 19.Qd2 b5 20.c4 b4 21.Bd5 Nf6 22.a3 b3
23.h3 Bh5 24.Rac1 Nd7 25.Rxf8+ Rxf8 26.Rf1 Rxf1+ 27.Kxf1 Qb6 28.Qf2 Kh7 29.Qf5+  1-0

[Event "Ceske Budejovice op"]
[Site "Ceske Budejovice"]
[Date "1995.??.??"]
[Round "5"]
[White "Hausner, Ivan"]
[Black "Moiseenko, Alexander"]
[Result "1/2-1/2"]
[WhiteElo "2455"]
[BlackElo "2275"]

1.e4 c5 2.Nc3 Nc6 3.Nge2 d6 4.d4 cxd4 5.Nxd4 e5 6.Ndb5 a6 7.Na3 b5 8.Nd5 Nge7
9.c4 Nd4 10.Be3 Nxd5 11.cxd5 Be7 12.Bd3 O-O 13.O-O Bb7 14.Nc2 Nxc2 15.Qxc2 f5
16.f3 f4 17.Bf2 Rc8 18.Qb3 Bh4 19.a4 Bxf2+ 20.Rxf2 Qa5 21.Qd1 b4 22.Rc1 Qb6
23.Kf1 Rxc1 24.Qxc1 b3 25.Qd2 Rc8 26.a5 Qd4 27.Ke2 Rc5 28.Rf1 Qa4 29.Rc1 Rxc1
30.Qxc1 Qxa5 31.Qg1 Qc7 32.Qa7 Qc1 33.Qb8+ Bc8 34.Qxb3 Qg1 35.Kd2 Qxg2+ 36.Be2 Qf2
37.Qb8 Qe3+ 38.Kd1 Qd4+ 39.Ke1 Qg1+ 40.Kd2 Qe3+ 41.Kd1 Qd4+ 42.Ke1 Qc5 43.b4 Qc1+
44.Kf2  1/2-1/2

[Event "Ceske Budejovice op"]
[Site "Ceske Budejovice"]
[Date "1995.??.??"]
[Round "6"]
[White "Blehm, Pawel"]
[Black "Stripunsky, Alexander"]
[Result "0-1"]
[WhiteElo "2340"]
[BlackElo "2495"]

1.e4 c5 2.Nf3 Nc6 3.Nc3 e5 4.Bc4 d6 5.d3 h6 6.Nd2 Nf6 7.Nf1 g6 8.Ne3 Bg7
9.Ncd5 Nxd5 10.Nxd5 Ne7 11.c3 Nxd5 12.Bxd5 O-O 13.Be3 Be6 14.Bxe6 fxe6 15.O-O Kh7
16.Qg4 Qe7 17.f4 exf4 18.Bxf4 b5 19.Be3 a5 20.Qe2 a4 21.Rxf8 Rxf8 22.d4 b4
23.dxc5 dxc5 24.cxb4 cxb4 25.Rc1 Qf6 26.Qc4 a3 27.bxa3 bxa3 28.Bd4 Qd8 29.Bxg7 Qb6+  0-1

[Event "Ceuta"]
[Site "Ceuta"]
[Date "1995.??.??"]
[Round "7"]
[White "Baena, Jesus"]
[Black "Pogorelov, Ruslan"]
[Result "0-1"]
[WhiteElo "2000"]
[BlackElo "2440"]

1.e4 c5 2.Nf3 Nc6 3.Nc3 d6 4.d4 cxd4 5.Nxd4 e6 6.g3 Nf6 7.Bg2 Bd7 8.O-O Be7
9.Re1 O-O 10.f4 Nxd4 11.Qxd4 Bc6 12.b3 Qc7 13.Bb2 e5 14.Qd2 exf4 15.gxf4 Rfe8
16.Nd5 Bxd5 17.exd5 Ng4 18.Bf3 Bf6 19.Bxf6 Nxf6 20.c4 Qc5+ 21.Qf2 Nd7 22.Bg4 Qxf2+
23.Kxf2 Nc5 24.Bf5 a5 25.Rxe8+ Rxe8 26.Re1 Rxe1 27.Kxe1 g6 28.Bc2 Kg7 29.Kf2 f5
30.a3 Kf6 31.Ke3 h6 32.Kd4 g5 33.b4 axb4 34.axb4 Na6 35.fxg5+ hxg5 36.Kc3 Ke5
37.Bd3 Nc7 38.Be2 b6 39.Kd3 Ne8 40.Ke3 Nf6 41.Bf3 g4 42.Bg2 f4+ 43.Kd3 f3
44.Bf1 Kf4 45.Kd4 Nd7 46.Bd3 Ne5 47.Bf1 f2 48.c5 Nf3+ 49.Kd3 Nxh2 50.Ke2 Kg3
51.cxb6 Nxf1 52.b7 Nh2 53.b8=Q f1=Q+ 54.Ke3 Qf4+ 55.Kd3 Nf3 56.b5 Ne5+ 57.Kc3 Qc4+
58.Kd2 Qxd5+ 59.Kc3 Qc4+ 60.Kd2 Qd4+ 61.Kc2 Qd3+ 62.Kc1 Nc4 63.Qh8 Qd2+ 64.Kb1 Qd1+  0-1

[Event "Chicago op"]
[Site "Chicago"]
[Date "1995.??.??"]
[Round "2"]
[White "De Firmian, Nick E"]
[Black "Yermolinsky, Alex"]
[Result "1/2-1/2"]
[WhiteElo "2590"]
[BlackElo "2580"]

1.e4 c5 2.Nf3 Nc6 3.Nc3 e5 4.Bc4 Be7 5.d3 d6 6.Nd5 Nf6 7.c3 O-O 8.O-O Na5
9.Nxf6+ Bxf6 10.Bd5 Be6 11.Bxe6 fxe6 12.b4 cxb4 13.cxb4 Nc6  1/2-1/2

[Event "Sommerskak"]
[Site "Copenhagen"]
[Date "1995.??.??"]
[Round "2"]
[White "Hansen, Mads Smith"]
[Black "Schandorff, Lars"]
[Result "1/2-1/2"]
[WhiteElo "2365"]
[BlackElo "2490"]

1.e4 c5 2.Nf3 Nc6 3.Nc3 e6 4.Be2 Nf6 5.O-O d5 6.exd5 Nxd5 7.d4 cxd4 8.Nb5 Be7
9.Nfxd4 O-O 10.c4 Ndb4 11.Be3 Nxd4 12.Nxd4 Qc7 13.Nb5 Qb8 14.Qb3 Bd7 15.Rfd1 Bc6
16.a3 Na6 17.Qc2 Rc8 18.Nd4 Be8 19.b4 Bf6 20.Rac1 Qc7 21.Bf3 Nb8 22.Qe4 Bc6
23.Nxc6 Nxc6 24.b5 Na5 25.c5 Rd8 26.Qa4 h6 27.g3 Bg5 28.b6 axb6 29.cxb6 Qe5
30.Rc5 Rxd1+ 31.Bxd1 Qd6 32.f4 Qd3 33.Kf2 Be7 34.Be2 Qxe3+ 35.Kxe3 Bxc5+
36.Kf3 Bxb6 37.f5 exf5 38.Qb5 Bc7 39.Qd7 Be5 40.Qxf5 Nc6 41.Kg2 Bf6 42.Qd7 Ne5
43.Qxb7 Rxa3 44.Qc8+ Kh7 45.Qf5+ Kg8 46.Qc8+  1/2-1/2

[Event "Copenhagen K41"]
[Site "Copenhagen"]
[Date "1995.??.??"]
[Round "5"]
[White "Rausis, Igors"]
[Black "Kjeldsen, Jens"]
[Result "1/2-1/2"]
[WhiteElo "2495"]
[BlackElo "2410"]

1.e4 c5 2.Nc3 Nc6 3.Bb5 g6 4.Bxc6 dxc6 5.d3 Bg7 6.Be3 b6 7.Qd2 e5 8.Nge2 Qd6
9.O-O Nf6 10.Bh6 O-O 11.Bxg7 Kxg7 12.f4 exf4 13.Rxf4 Ng4 14.h3 Ne5 15.Raf1 f6
16.Nd1 a5 17.Ne3 Ra7 18.Kh1 Raf7 19.Qc3 Be6 20.b3 Qd7 21.g4 Kg8 22.Ng3 Qd4
23.Qe1 a4 24.Qc1 axb3  1/2-1/2

[Event "Copenhagen op17"]
[Site "Copenhagen"]
[Date "1995.??.??"]
[Round "7"]
[White "Brondum, Eric"]
[Black "Jakobsen, Ole"]
[Result "1/2-1/2"]
[WhiteElo "2245"]
[BlackElo "2380"]

1.e4 c5 2.Nf3 Nc6 3.Nc3 d6 4.Bb5 Bd7 5.a4 Nf6 6.O-O e6 7.Re1 Be7 8.Bxc6 Bxc6
9.e5 Ng4 10.exd6 Qxd6 11.h3 Nf6 12.Ne5 Nd7 13.Nxc6 Qxc6 14.Qe2 O-O 15.d3 Rae8
16.Qe4 Qc8 17.Qf3 Bd6 18.Bf4 Bxf4 19.Qxf4 Qc6 20.Ne4 e5 21.Qf5 f6 22.Nc3 Nb8
23.Qe4 Rd8 24.Qc4+ Kh8 25.Re4 Rd4 26.Qb5 a6 27.Qxc6 Nxc6 28.Ree1 b6 29.b3 Kg8
30.f3 Rd7 31.Rac1 Nd4 32.Rf1 Re8 33.Rf2 Kf7 34.Ne4 f5 35.Nc3 h5 36.h4 g6
37.Kh2 Ke6 38.Kg1 Kd6 39.Re1 Rde7 40.Rc1 Kc6 41.Kf1 f4 42.Ne4 Nf5 43.Ke2 Nxh4
44.Kd2 Nf5 45.Rff1 Nd6 46.Ng5 Nf5 47.Kc3 Ne3 48.Rg1 h4 49.Rce1 Rh8 50.Rxe3 fxe3
51.Re1 Rh5 52.Nh3 Rf5 53.Rxe3 Rd7 54.Re1 g5 55.Nf2 Re7 56.Kd2 Kd6 57.Ne4+ Kd5
58.Nf2 Rf8 59.Kc3 Ke6 60.Kd2 Kf5 61.Ke3 Rd8 62.Kd2 Rdd7 63.Ke3 Rh7 64.Ra1 Ra7
65.Re1 Rac7 66.Ra1 Rc6 67.Rb1 Rhh6 68.Rg1 b5 69.axb5 axb5 70.Ne4 c4 71.bxc4 bxc4
72.dxc4 Rxc4 73.c3 Rhc6 74.Rd1 Ra4 75.Rd2 Ra3 76.g3 hxg3 77.Nxg3+ Kg6 78.Ne4 Rc8
79.Kf2 Rh8 80.Kg2 Kf5 81.Re2 Rha8 82.Kg3 Ra2 83.Re3 Rc2 84.Nd6+ Kf6 85.Ne4+ Kg6
86.Rd3  1/2-1/2

[Event "Copenhagen op17"]
[Site "Copenhagen"]
[Date "1995.??.??"]
[Round "9"]
[White "Emms, John M"]
[Black "Lyrberg, Patrik"]
[Result "1/2-1/2"]
[WhiteElo "2500"]
[BlackElo "2415"]

1.e4 c5 2.Nf3 Nc6 3.Nc3 d6 4.d4 cxd4 5.Nxd4 Nf6 6.Bc4 e6 7.Be3 a6 8.Bb3 Qc7
9.f4 b5 10.f5 Nxd4 11.Qxd4 Be7 12.O-O O-O 13.Kh1 Ng4 14.fxe6 Bxe6 15.Nd5 Bxd5
16.Bxd5 Bf6 17.Qb6 Rac8 18.c3 Be5 19.Qxc7 Rxc7 20.Bb6 Re7 21.Bg1 Rb8 22.a4 bxa4
23.Rxa4 Rxb2  1/2-1/2

[Event "ESP-chT"]
[Site "Cordoba"]
[Date "1995.??.??"]
[Round "1"]
[White "Del Rio Angelis, Gabriel"]
[Black "Bernabe Duran, Francisco"]
[Result "1-0"]
[WhiteElo "2365"]
[BlackElo "2120"]

1.e4 c5 2.Nc3 Nc6 3.Nge2 Nf6 4.d4 cxd4 5.Nxd4 e6 6.Ndb5 d6 7.Bf4 e5 8.Bg5 a6
9.Na3 b5 10.Bxf6 gxf6 11.Nd5 Bg7 12.c3 f5 13.exf5 Bxf5 14.Nc2 O-O 15.Nce3 Be6
16.g3 Ne7 17.Bg2 Rb8 18.O-O a5 19.a3 f5 20.Nxe7+ Qxe7 21.Bd5 b4 22.cxb4 axb4
23.Qb3 Bxd5 24.Nxd5 Qe6 25.axb4 Rf7 26.Rfe1 e4 27.Rad1 h5 28.f4 Kh7 29.b5 Rfb7
30.Qc2 Rxb5 31.Nc7 Qc8 32.Rxd6 Rxb2 33.Qc4 Ra8 34.Qf7 Raa2 35.Qxh5+ Kg8 36.Ne6 Rg2+
37.Kh1 Rxh2+ 38.Qxh2 Rxh2+ 39.Kxh2 Qc2+  1-0

[Event "ESP-chT"]
[Site "Cordoba"]
[Date "1995.??.??"]
[Round "2"]
[White "Garcia, Pio Jesus"]
[Black "Illescas Cordoba, Miguel"]
[Result "1/2-1/2"]
[WhiteElo "2290"]
[BlackElo "2595"]

1.e4 c5 2.Nf3 Nc6 3.Nc3 g6 4.d4 cxd4 5.Nxd4 Bg7 6.Be3 Nf6 7.Nb3 O-O 8.Be2 d6
9.f4 Be6 10.g4 Na5 11.g5 Nd7 12.Bd4 Bxb3 13.axb3 e5 14.Be3 exf4 15.Bxf4 Ne5
16.Qd5 Nac6 17.O-O-O Nb4 18.Qb5 a5 19.Nd5 Nxd5 20.Rxd5 Qc7 21.Rhd1 Ra6 22.R1d2 Rc8
23.Kb1 a4 24.Qb4 axb3 25.Qxb3 Rc6 26.Be3 Bf8 27.Bd4 Nc4 28.Bxc4 Rxc4 29.h4 Qc6
30.Rf2 Qa4 31.Qxa4 Rxa4 32.c3 Rac4 33.Kc2 R4c7 34.Kd3 Re7 35.Rf6 Re6 36.Rf4 Bg7
37.Rb5 Rc7 38.Rf1 Rce7 39.Rf4 h6 40.Bxg7 Kxg7 41.c4 hxg5 42.hxg5 f6 43.gxf6+ Rxf6
44.Rg4  1/2-1/2

[Event "ESP-chT"]
[Site "Cordoba"]
[Date "1995.??.??"]
[Round "3"]
[White "Suarez, Diego"]
[Black "Gomez Esteban, Juan Mario"]
[Result "0-1"]
[WhiteElo "2265"]
[BlackElo "2425"]

1.e4 c5 2.Nc3 Nc6 3.Nge2 d6 4.d4 cxd4 5.Nxd4 Nf6 6.Bc4 e6 7.Be3 a6 8.Qe2 Na5
9.Bb3 b5 10.O-O-O Bd7 11.Qf3 Be7 12.g4 O-O 13.g5 Ne8 14.h4 Rc8 15.Kb1 Nc4
16.Bc1 b4 17.Nce2 a5 18.Bxc4 Rxc4 19.b3 Rc5 20.Bb2 Qa8 21.Qe3 a4 22.f4 axb3
23.cxb3 Ra5 24.Nc1 Nc7 25.h5 e5 26.Nf3 Bc6 27.Rde1 exf4 28.Qxf4 Ne6 29.Qg4 Nxg5
30.Rhg1 h6 31.Nd2 Re8 32.Nc4 Rc5 33.Nd3 Bxe4 34.Rxe4 Qxe4 35.Qxe4 Nxe4 36.Nxc5 dxc5
37.Rxg7+ Kf8 38.Rh7 Bf6 39.Nd6 Nxd6 40.Bxf6 Re1+ 41.Kc2 Ke8 42.Rxh6 Re2+
43.Kb1 Ne4 44.Rh8+ Kd7 45.Bg7 f6 46.h6 Nc3+ 47.Kc1 Nxa2+ 48.Kd1 Nc3+ 49.Kc1 c4
50.bxc4 b3  0-1

[Event "ESP-chT"]
[Site "Cordoba"]
[Date "1995.??.??"]
[Round "9"]
[White "Suarez, Diego"]
[Black "Ballesteros, David"]
[Result "1-0"]
[WhiteElo "2265"]
[BlackElo "2165"]

1.e4 c5 2.Nc3 Nc6 3.Nge2 g6 4.d4 cxd4 5.Nxd4 Bg7 6.Be3 d6 7.Bc4 Nf6 8.f3 O-O
9.Qd2 Nxd4 10.Bxd4 Be6 11.Bb3 Qa5 12.O-O-O b5 13.Kb1 b4 14.Nd5 Bxd5 15.exd5 Qb5
16.Rhe1 a5 17.Qe2 Qxe2 18.Rxe2 a4 19.Bc4 Rfc8 20.b3 Kf8 21.Bb2 axb3 22.Bxb3 Ne8
23.Bxg7+ Nxg7 24.Re4 Rab8 25.Rdd4 Nf5 26.Rxb4 Rxb4 27.Rxb4 Ne3 28.g3 Nf1
29.a4 Nd2+ 30.Kb2 Nxf3 31.h4 Ne5 32.a5 Ra8 33.Ra4 Ke8 34.Kc3 Kd8 35.Bc4 Rc8
36.Kd4 Nxc4 37.Rxc4 e5+ 38.dxe6 Rxc4+ 39.Kxc4 fxe6 40.Kb5 Kc7 41.c4 e5  1-0

[Event "ESP-chT"]
[Site "Cordoba"]
[Date "1995.??.??"]
[Round "9"]
[White "Magem Badals, Jorge"]
[Black "Glavina, Pablo"]
[Result "1-0"]
[WhiteElo "2520"]
[BlackElo "2400"]

1.e4 c5 2.Nf3 Nc6 3.Nc3 e5 4.Bc4 Be7 5.d3 Nf6 6.Ng5 O-O 7.f4 h6 8.Nf3 exf4
9.Bxf4 d6 10.O-O Ng4 11.h3 Nge5 12.Nxe5 dxe5 13.Be3 Qd6 14.Qh5 Be6 15.Nd5 Nd4
16.Nxe7+ Qxe7 17.Qxe5 f6 18.Bxe6+ Kh8 19.Qh5 Nxe6 20.Rf2 Rad8 21.Raf1 b6
22.e5 Nc7 23.Bxh6 Qe8 24.Bxg7+ Kxg7 25.exf6+ Rxf6 26.Qg5+ Rg6 27.Rf7+ Qxf7
28.Rxf7+  1-0

[Event "CZE-chT1c 9495"]
[Site "?"]
[Date "1995.??.??"]
[Round "4"]
[White "Walek, Milan"]
[Black "Antoshik, Alois"]
[Result "1-0"]
[WhiteElo "2310"]
[BlackElo "2225"]

1.e4 c5 2.Nf3 Nc6 3.Nc3 g6 4.d4 cxd4 5.Nxd4 Bg7 6.Be3 Nf6 7.Be2 O-O 8.Nb3 d6
9.O-O a6 10.f4 Qc7 11.Kh1 b5 12.Bf3 Be6 13.Nd5 Bxd5 14.exd5 Na5 15.Nxa5 Qxa5
16.Bd4 Rac8 17.c3 Nd7 18.Re1 Bxd4 19.Qxd4 Rfe8 20.a4 Rc4 21.axb5 Qxa1 22.Rxa1 Rxd4
23.cxd4 axb5 24.Ra7 Nf6 25.g4 Rc8 26.Rxe7 Kf8 27.Re2 Rc4 28.Rd2 Nd7 29.Kg2 Nb6
30.Bd1 Nxd5 31.Kf3 Nb6 32.Rd3 Ke7 33.Be2 Nd5 34.g5 Rc2 35.Rb3 b4 36.h4 f5
37.gxf6+ Kxf6 38.Bd3 Rh2 39.Ke4 Ne7 40.Rxb4 Rxh4 41.Rb5 Rh3 42.Bc4 Nf5 43.Rb7 Re3+
44.Kd5 Re6 45.Bd3 Ne7+ 46.Kc4 d5+ 47.Kc5 h5 48.Rb6 Rxb6 49.Kxb6 h4 50.Kc5 Nf5
51.Bf1 Ng3 52.Bh3 Ne2 53.b4 Nxf4 54.b5 Nxh3 55.b6 Nf4 56.b7 h3 57.b8=Q Kf5
58.Qb1+ Kg4 59.Qg1+ Kf5 60.Kd6 g5 61.Qb1+ Kg4 62.Qg1+ Kf5 63.Qg3 g4 64.Qh4 Ng2
65.Qh5+ Kf4 66.Qh6+  1-0

[Event "CZE-chT1c 9495"]
[Site "?"]
[Date "1995.??.??"]
[Round "10"]
[White "Sikora Lerch, Jan"]
[Black "Pisk, Petr"]
[Result "0-1"]
[WhiteElo "2415"]
[BlackElo "2290"]

1.e4 c5 2.Nc3 Nc6 3.Nge2 Nf6 4.d4 cxd4 5.Nxd4 e5 6.Ndb5 d6 7.Bg5 a6 8.Na3 b5
9.Bxf6 gxf6 10.Nd5 f5 11.Bd3 Be6 12.O-O Bg7 13.c4 bxc4 14.Nxc4 O-O 15.Ncb6 fxe4
16.Bxe4 Rb8 17.Bxh7+ Kxh7 18.Qc2+ e4 19.Qxc6 Bd4 20.Na4 Rc8 21.Nc7 Bf5 22.Qd5 Qf6
23.Rad1 Ba7 24.Qb7 Rg8 25.Nd5 Rxg2+ 26.Kxg2 Bh3+ 27.Kxh3 Qf3+ 28.Kh4 Rg8
29.Qd7 Bxf2+ 30.Rxf2 Qxf2+ 31.Kh3 Qg2+ 32.Kh4 Qg5+  0-1

[Event "CZE-chT2a 9596"]
[Site "CZE"]
[Date "1995.??.??"]
[Round "?"]
[White "Kacirek, Petr"]
[Black "Znamenacek, Kvetoslav"]
[Result "0-1"]
[WhiteElo "2250"]
[BlackElo "2300"]

1.e4 c5 2.Nf3 Nc6 3.Nc3 g6 4.g3 Bg7 5.Bg2 e6 6.O-O Nge7 7.Ne2 Qb6 8.c3 O-O
9.d4 cxd4 10.Nfxd4 d5 11.exd5 Nxd5 12.Nxc6 bxc6 13.c4 Ne7 14.Qc2 Nf5 15.Rb1 a5
16.Qa4 Ra6 17.g4 Nd4 18.Nxd4 Bxd4 19.Qc2 e5 20.Qe2 c5 21.Bh6 Re8 22.b3 Bb7
23.Be3 Bxg2 24.Kxg2 Qd8 25.Rbd1 Rae6 26.f3 Qh4 27.Qf2 Qe7 28.h3 f5 29.Qd2 f4
30.Bxd4 exd4 31.Qxf4 Re2+ 32.Kg3 g5 33.Qf5 Qd6+ 34.f4 R8e3+ 35.Rf3 gxf4+
36.Kh4 Qh6+  0-1

[Event "Decin op"]
[Site "Decin"]
[Date "1995.??.??"]
[Round "6"]
[White "Votava, Jan"]
[Black "Jirovsky, Milos"]
[Result "1/2-1/2"]
[WhiteElo "2440"]
[BlackElo "2425"]

1.e4 c5 2.Nf3 Nc6 3.Nc3 g6 4.d4 cxd4 5.Nxd4 Bg7 6.Be3 d6 7.h3 Nf6 8.Bc4 O-O
9.Bb3 Bd7 10.O-O Nxd4 11.Bxd4 Bc6 12.Qd3 a5 13.a4 Nd7 14.Bxg7 Kxg7 15.Bd5 Qb6
16.Kh1 Nf6 17.f4 Rac8 18.Bb3 Nd7 19.Rad1 Qb4 20.Qe3 Qb6 21.Qxb6 Nxb6 22.Rfe1 Rfd8
23.Kg1 Nd7 24.Bd5 Nb6 25.Bb3 Nd7 26.Bd5 Nb6 27.Bb3 Nd7  1/2-1/2

[Event "Decin op"]
[Site "Decin"]
[Date "1995.??.??"]
[Round "6"]
[White "Jigjidsuren, Purev"]
[Black "Pletanek, Jan"]
[Result "1-0"]
[WhiteElo "2295"]
[BlackElo "2275"]

1.e4 c5 2.Nf3 Nc6 3.Nc3 d6 4.d4 cxd4 5.Nxd4 Nf6 6.Bg5 e6 7.Qd2 h6 8.Be3 a6
9.O-O-O Qc7 10.f4 Be7 11.Kb1 Bd7 12.Nb3 Na5 13.Nxa5 Qxa5 14.Bd3 Bc6 15.Rhe1 Nd7
16.Qf2 b5 17.Qg3 b4 18.Ne2 g5 19.Qh3 gxf4 20.Bxf4 e5 21.Bd2 Qb6 22.Ng3 O-O-O
23.Nf5 Bf8 24.Ne3 a5 25.Nc4 Qc7 26.c3 d5 27.exd5 Bxd5 28.cxb4 Be6 29.Qf3  1-0

[Event "DEN-chT9596"]
[Site "DEN"]
[Date "1995.??.??"]
[Round "1"]
[White "Kristensen, Bjarke"]
[Black "Schandorff, Lars"]
[Result "0-1"]
[WhiteElo "2455"]
[BlackElo "2450"]

1.e4 c5 2.Nf3 Nc6 3.Nc3 e5 4.Bc4 d6 5.d3 Be7 6.Nd2 Bg5 7.Nf1 Bxc1 8.Rxc1 Nf6
9.Ne3 O-O 10.O-O Ne7 11.a3 Be6 12.b4 Rc8 13.Re1 a6 14.b5 Qa5 15.Qd2 axb5
16.Bxb5 d5 17.exd5 Nexd5 18.Nexd5 Nxd5 19.Ne4 Qxb5 20.c4 Qd7 21.cxd5 Qxd5
22.Qe3 b6 23.Nc3 Qd4 24.Qxe5 Rfd8 25.Qg3 Qxd3 26.Re3 Qd6 27.f4 h6 28.h3 c4
29.Ne4 Qd4 30.Kh2 Bf5 31.Nf2 Re8 32.Rec3 b5 33.Rd1 Qc5 34.Ng4 Bxg4 35.Qxg4 Qc6
36.Rb1 Qf6 37.Rcc1 Rc5 38.Rb4 c3 39.a4 bxa4 40.Rxa4 c2 41.Qf3 Qb2 42.Qa3 Qxa3
43.Rxa3 Rd8 44.Raa1 Rd2 45.Rf1 Rcd5 46.Rfc1 Kh7 47.Ra2 Rc5 48.f5 h5 49.Rb2 h4
50.Ra2 Rc3 51.Re1 Rg3  0-1

[Event "Dresden U20"]
[Site "Dresden"]
[Date "1995.??.??"]
[Round "?"]
[White "Moor, Roger"]
[Black "Ullrich, Farid Raoul"]
[Result "1/2-1/2"]
[WhiteElo "2150"]
[BlackElo "2185"]

1.e4 c5 2.Nc3 Nc6 3.Nge2 g6 4.d4 cxd4 5.Nxd4 Bg7 6.Be3 Nf6 7.Bc4 O-O 8.Bb3 a5
9.a4 Ng4 10.Nxc6 Nxe3 11.Nxd8 Nxd1 12.Rxd1 Bxc3+ 13.bxc3 Rxd8 14.h4 d6 15.e5 Ra6
16.Rd4 Rc6 17.h5 Rc5 18.exd6 Rxd6 19.hxg6 hxg6 20.Kd2 Rcc6 21.Re1 Kf8 22.Re3 Bf5
23.f3 f6 24.f4 Ke8 25.g3 Kd7 26.Bd5 Rc5 27.Bxb7 Rxd4+ 28.cxd4 Rxc2+ 29.Ke1 Kd6
30.d5 Bd7 31.Re4 Rg2 32.Re3 Ra2 33.Bc6 Bxc6 34.dxc6 Rxa4 35.Rc3 Kc7 36.Re3 f5
37.Rxe7+ Kxc6 38.Re6+ Kd5 39.Rxg6 Ra2 40.Rf6 Ke4 41.Re6+ Kf3 42.Rf6 Ke4  1/2-1/2

[Event "Dresden op"]
[Site "Dresden"]
[Date "1995.??.??"]
[Round "?"]
[White "Tischbierek, Raj"]
[Black "Huster, Markus"]
[Result "1-0"]
[WhiteElo "2495"]
[BlackElo "2210"]

1.e4 c5 2.Nc3 Nc6 3.Nge2 e5 4.Nd5 d6 5.Nec3 g6 6.Bc4 Be6 7.d3 Bg7 8.O-O h6
9.f4 Nf6 10.Nxf6+ Qxf6 11.Nd5 Bxd5 12.exd5 Ne7 13.fxe5 Qxe5 14.c3 f5 15.Re1 Qf6
16.Re6 Qh4 17.g3 Qh3 18.Bf4  1-0

[Event "RUS-ch (Women)"]
[Site "Elista"]
[Date "1995.??.??"]
[Round "2"]
[White "Fatalibekova, Elena"]
[Black "Shumiakina, Tatiana"]
[Result "1/2-1/2"]
[WhiteElo "2225"]
[BlackElo "2345"]

1.e4 c5 2.Nc3 Nc6 3.Nge2 e5 4.Nd5 Nce7 5.Nec3 Nxd5 6.Nxd5 Nf6 7.Bc4 Be7 8.d3 Nxd5
9.Bxd5 O-O 10.O-O d6 11.a3 Rb8 12.b4 b6 13.Bd2 Bb7 14.Bxb7 Rxb7 15.c4 Bg5
16.Rb1 Qe7 17.Bxg5 Qxg5 18.Qc1 Qxc1 19.Rbxc1 Rfb8 20.a4 Kf8  1/2-1/2

[Event "RUS-ch"]
[Site "Elista"]
[Date "1995.??.??"]
[Round "6"]
[White "Lastin, Alexander"]
[Black "Lukin, Andrei M"]
[Result "1-0"]
[WhiteElo "2465"]
[BlackElo "2440"]

1.e4 c5 2.Nc3 Nc6 3.Nf3 d6 4.d4 cxd4 5.Nxd4 Nf6 6.Bc4 Qb6 7.Nb3 e6 8.Bf4 Ne5
9.Be2 Be7 10.Be3 Qc7 11.f4 Nc4 12.Nb5 Qc6 13.Bxc4 Qxc4 14.Qd3 Qc6 15.N3d4 Qd7
16.O-O-O a6 17.Nc3 b5 18.a3 Bb7 19.Rhg1 Ng4 20.Qe2 Nxe3 21.Qxe3 O-O 22.g4 Bd8
23.Rg3 Rc8 24.Nb3 Qc7 25.Qd2 Be7 26.g5 d5 27.exd5 Rfd8 28.Rd3 Bxd5 29.Nxd5 Rxd5
30.Rxd5 exd5 31.Kb1 Bd6 32.f5 Bf4 33.Qg2 Qe7 34.g6 Qe4 35.gxf7+ Kxf7 36.Qf2 Be3
37.Qe2 Bg5 38.Qf2 Kg8 39.Nc5 Qe5 40.Re1 Qd6 41.Nd3 Rf8 42.Re5 d4 43.Qg2 h6
44.Re6 Qc7 45.h4 Bd8 46.Ne5 Bf6 47.Ng4 Bxh4 48.Nxh6+ Kh8 49.Qh1 Rc8 50.Qe4 Qc4
51.Nf7+ Kg8 52.Nd6  1-0

[Event "RUS-ch"]
[Site "Elista"]
[Date "1995.??.??"]
[Round "8"]
[White "Lastin, Alexander"]
[Black "Yakovich, Yuri"]
[Result "0-1"]
[WhiteElo "2465"]
[BlackElo "2560"]

1.e4 c5 2.Nc3 Nc6 3.Nge2 g6 4.d4 cxd4 5.Nxd4 Bg7 6.Be3 Nf6 7.Nb3 O-O 8.f4 d6
9.Be2 Be6 10.g4 Rc8 11.g5 Nd7 12.O-O Nb6 13.Rf2 Nc4 14.Bc1 b5 15.f5 Bd7 16.Nxb5 Nxb2
17.Qf1 Be5 18.Be3 Nb4 19.N5d4 Nxc2 20.Nxc2 Rxc2 21.Rc1 Qc7 22.Rxc2 Qxc2 23.Bf3 Qc3
24.Bd2 Qd3 25.Qe1 Rc8 26.Bg2 Qa6 27.Qb1 Nc4 28.Bf1 Nxd2 29.Nxd2 Qb6 30.Qxb6 axb6
31.Nf3 Bf4 32.Re2 Rc1 33.Nd4 Bxg5  0-1

[Event "RUS-ch"]
[Site "Elista"]
[Date "1995.??.??"]
[Round "10"]
[White "Lastin, Alexander"]
[Black "Sherbakov, Ruslan"]
[Result "1/2-1/2"]
[WhiteElo "2465"]
[BlackElo "2520"]

1.e4 c5 2.Nc3 Nc6 3.Nge2 d6 4.d4 cxd4 5.Nxd4 Nf6 6.Bc4 e6 7.Be3 Be7 8.Bb3 O-O
9.f4 Nxd4 10.Bxd4 e5 11.Be3 Ng4 12.Bc1 exf4 13.Bxf4 Ne5 14.O-O Be6 15.Kh1 Rc8
16.Qd4 Rc5 17.Na4 Nc6 18.Qd1 Ra5 19.Nc3 Ne5 20.Bd2 Rc5 21.Nd5 Bg5 22.Bc3 a6
23.Qe1 Bh4 24.Qe2 Bg4 25.Qe3 Bg5 26.Qg1 Rc6 27.h3 Be6 28.Rad1 Qc8 29.Qh2 Bxd5
30.Bxd5 Rxc3 31.bxc3 b5 32.Qg3 Be7 33.Rd4 Bd8 34.Bb3 Qb8 35.Rfd1 Be7 36.a4 g6
37.axb5 axb5 38.Bd5 Qc7 39.Rb4 Qa5 40.Rdb1 Rc8 41.Rxb5 Qxc3 42.Qxc3 Rxc3
43.Rb7 Bf6 44.Rc1 Re3 45.Kg1 Re2 46.Rf1  1/2-1/2

[Event "RUS-ch"]
[Site "Elista"]
[Date "1995.??.??"]
[Round "11"]
[White "Sokolov, Andrei"]
[Black "Krasenkow, Michal"]
[Result "1-0"]
[WhiteElo "2585"]
[BlackElo "2590"]

1.e4 c5 2.Nf3 Nc6 3.Nc3 e5 4.Bc4 d6 5.d3 Be7 6.Nd2 Bg5 7.Nf1 Bxc1 8.Rxc1 Nge7
9.Ne3 O-O 10.O-O Kh8 11.Qh5 Ng6 12.Ncd5 Nf4 13.Nxf4 exf4 14.Nd5 Ne5 15.f3 Rg8
16.g3 fxg3 17.hxg3 Be6 18.Ne3 g6 19.Qh6 Qf6 20.Bxe6 fxe6 21.f4 Nf7 22.Qh3 Qd4
23.Kf2 Rae8 24.Ke2 Rg7 25.Qh4 g5 26.fxg5 Ne5 27.b3 b5 28.Rf6 c4 29.dxc4 bxc4
30.Rd1 Qc5 31.Qf4 cxb3 32.Rf8+ Rxf8 33.Qxf8+ Rg8 34.Qf6+ Rg7 35.axb3 Nf7
36.Qxe6 Nxg5 37.Qxd6 Qxd6 38.Rxd6 Nxe4 39.Rd8+ Rg8 40.Rxg8+ Kxg8 41.g4 Kf7
42.Kd3 Nf6 43.Kc4 Ke6 44.Kb5 Ke5 45.c4 Kd4 46.Nf5+ Kc3 47.c5 Kxb3 48.c6 Nd5
49.Nd4+ Kc3 50.Kc5 Ne7 51.c7 Kd3 52.Nf5 Nc8 53.Kc6 a5 54.Kb7 a4 55.Kxc8 a3
56.Nd4  1-0

[Event "NLD-ch sf"]
[Site "Enschede"]
[Date "1995.??.??"]
[Round "5"]
[White "Bosch, Jeroen"]
[Black "Bosboom, Manuel"]
[Result "1-0"]
[WhiteElo "2425"]
[BlackElo "2450"]

1.e4 c5 2.Nc3 Nc6 3.Nf3 e6 4.Bb5 Nge7 5.O-O a6 6.Bxc6 Nxc6 7.d4 cxd4 8.Nxd4 d6
9.Re1 Be7 10.Nxc6 bxc6 11.Qg4 g6 12.Qe2 O-O 13.Bh6 Re8 14.e5 d5 15.Rad1 Rb8
16.b3 Qc7 17.Qe3 c5 18.Qg3 Bd7 19.Ne2 Bc6 20.Nf4 Rb4 21.h4 Re4 22.Rxe4 dxe4
23.Bg5 Rd8 24.Rxd8+ Qxd8 25.Bxe7 Qxe7 26.Qg5 Qxg5 27.hxg5 h6 28.Nh3 hxg5
29.Nxg5 Kf8 30.Kf1 Ke7 31.Nh7 c4 32.bxc4 Ba4 33.Ke2 Bxc2 34.Ke3 Bb1 35.a3 Bd3
36.Kd4 Kd7 37.Ng5 Kc6 38.Nxe4 Bf1 39.g3 Kb6 40.c5+ Kc6 41.Nd6 Bg2 42.Nxf7 Bd5
43.f4 a5 44.Nh8  1-0